000 00458nam a2200157 i 4500
001 23046
003 ES-MaACL
005 20230906152815.0
007 t|
008 021205s1967 sp ||||1| spa d
100 1 _aAlvarez Villar, Alfonso.
_920998
245 1 0 _aPsicodiagnóstico clínico... /
_cAlfonso Alvarez Villar.
260 _a[Madrid] :
_bAguilar,
_c[1967]
300 _aXX, 436 p., 1 lám. :
_bil. ;
_c25 cm.
852 _aES-MaACL
_jG-5512
_bR.65341
999 _c23046
_d23046